000 00647nam a2200229Ia 4500
003 OSt
005 20220923212330.0
006 a|||||r|||| 00| 0
007 ta
008 220922b |||||||| |||| 00| 0 hin d
024 _a152,291
037 _cTextual
040 _aARTS
_cARTS
_bhin
041 _2hin
_ahin
082 _aN144:JvK3, 152K9
100 _aसिंह, समर बहादुर
245 0 _aकुतुब से ताज तक
246 _aKutub se tāj taka
260 _c1969
942 _hN144:JvK3, 152K9
_cTEXL
_2CC
999 _c307940
_d307940